Dans quel Sport collectif ces pays ont-ils été Champions du Monde - Statistiques

Statistiques générales
  • Ce quiz a été pris 48 fois
  • Le résultat moyen est 15 sur 68
Statistiques - réponses
Hint Extra Hint Réponse % Correct
Uruguay 1930, 1950 Football
58%
France 1998, 2018 Football
53%
Nouvelle- Zélande 1987, 2011, 2015 Rugby
53%
Angleterre 1966 Football
51%
Canada 1920, 1924, 1928, 1930, 1931, 1932, 1934, 1935,1937, 1938, 1939, 1948, 1950, 1951, 1952,1955, 1958, 1959, 1961, 1994, 1997, 2003, 2004, 2007, 2015, 2016, 2021, 2023 Hockey sur Glace
51%
Argentine 1978, 1986, 2022 Football
49%
Brésil 1958, 1962, 1970, 1994, 2002 Football
44%
France 1995, 2001, 2009, 2011, 2015, 2017 Handball
44%
Afrique du Sud 1995,2007, 2019, 2023 Rugby
44%
Espagne 2010 Football
42%
Allemagne (+RFA) 1954, 1974, 1990, 2014 Football
40%
Danemark 2019, 2021, 2023 Handball
40%
Italie 1934, 1938, 1982, 2006 Football
38%
Finlande 1995, 2011, 2019, 2022 Hockey sur Glace
33%
Espagne 2006, 2019 Basket-ball
31%
Australie 1991, 1999 Rugby
31%
Pologne 1974,2014, 2018 Volleyball
31%
Inde 1983, 2011 Cricket
29%
Indes Occidentales 1975, 1979 Cricket
29%
Sri Lanka 1996 Cricket
29%
Suède 1953, 1957, 1962, 1987, 1991, 1992, 1998, 2006, 2013, 2017, 2018 Hockey sur Glace
29%
Pakistan 1992 Cricket
27%
Angleterre 2003 Rugby
27%
Brésil 2002, 2006, 2010 Volleyball
27%
Etats-Unis 1954, 1986, 1994, 2010, 2014 Basket-ball
22%
Suède 1954,1958, 1990, 1999 Handball
22%
Belgique 2018 Hockey sur Gazon
22%
Russie 1993, 2008, 2009, 2012, 2014, Hockey sur Glace
22%
Hongrie 1973, 2003, 2013, 2023 Water-Polo
22%
Allemagne 2023 Basket-ball
20%
Roumanie 1961, 1964, 1970, 1974 Handball
20%
République Tchèque 1996, 1999, 2000, 2001, 2005, 2010 Hockey sur Glace
20%
Slovaquie 2002 Hockey sur Glace
20%
Italie 1990, 1994, 1998, 2022 Volleyball
20%
Croatie 2007, 2017 Water-Polo
20%
Angleterre 2019 Cricket
18%
URSS 1954, 1956, 1963, 1964, 1965, 1966, 1967, 1968, 1969, 1970, 1971, 1973, 1974, 1975, 1978, 1979, 1981, 1982, 1983, 1986, 1989, 1990 Hockey sur Glace
18%
Yougoslavie 1970, 1978, 1990 Basket-ball
16%
Allemagne (+RFA) 1938, 1978, 2007 Handball
16%
Croatie 2003 Handball
16%
Pays-Bas 1973, 1990, 1998 Hockey sur Gazon
16%
URSS 1949, 1952, 1960, 1962, 1978, 1982 Volleyball
13%
Serbie 2009, 2015 Water-Polo
13%
Argentine 1950 Basket-ball
11%
URSS 1967, 1974, 1982 Basket-ball
11%
Australie 1987,1999, 2003, 2007, 2015, 2023 Cricket
11%
Espagne 2005, 2013 Handball
11%
Russie 1993, 1997 Handball
11%
Pakistan 1971, 1978, 1982, 1994 Hockey sur Gazon
11%
Serbie-et-Monténégro 2005 Water-Polo
11%
Yougoslavie 1986 Handball
9%
Australie 1986, 2010, 2014 Hockey sur Gazon
9%
Inde 1975 Hockey sur Gazon
9%
Etats-Unis 1933,1960 Hockey sur Glace
9%
Etats-Unis 1986 Volleyball
9%
Italie 1978, 1994, 2011, 2019 Water-Polo
9%
Tchécoslovaquie 1967 Handball
7%
Allemagne 2002, 2006, 2023 Hockey sur Gazon
7%
Tchécoslovaquie 1947, 1949, 1972, 1976, 1977, 1985 Hockey sur Glace
7%
Espagne 1998, 2001, 2022 Water-Polo
7%
URSS 1975, 1982 Water-Polo
7%
Yougoslavie 1986, 1991 Water-Polo
7%
Brésil 1959, 1963 Basket-ball
4%
RF Yougoslavie (Serbie-et-Monténégro) 1998, 2002 Basket-ball
4%
RDA 1970 Volleyball
4%
Tchécoslovaquie 1956, 1986 Volleyball
4%
URSS 1982 Handball
2%
Grande-Bretagne 1936 Hockey sur Glace
2%
Aucun quiz correspondant
Distribution des résultats
% des personnes avec chaque résultat
Percentile par nombre de réponses
Votre historique - résultats
Vous n’avez pas pris ce quiz